Manual of monopolies restrictive and unfair trade practices / (Record no. 134265)

MARC details
000 -LEADER
fixed length control field 00755nam a22002297a 4500
005 - DATE AND TIME OF LATEST TRANSACTION
control field 20170124110223.0
010 ## - LIBRARY OF CONGRESS CONTROL NUMBER
LC control number A-294747
020 ## - INTERNATIONAL STANDARD BOOK NUMBER
Terms of availability 00.00
035 ## - SYSTEM CONTROL NUMBER
System control number A-294747
037 ## - SOURCE OF ACQUISITION
Source of stock number/acquisition Cen Lib/Ret
040 ## - CATALOGING SOURCE
Original cataloging agency DPL
Language of cataloging EN
082 ## - DEWEY DECIMAL CLASSIFICATION NUMBER
Classification number 347.7
Item number VER
100 ## - MAIN ENTRY--PERSONAL NAME
Personal name Verma, D P S
9 (RLIN) 40241
245 ## - TITLE STATEMENT
Title Manual of monopolies restrictive and unfair trade practices /
Statement of responsibility, etc by D P S Verma
260 ## - PUBLICATION, DISTRIBUTION, ETC. (IMPRINT)
Place of publication, distribution, etc New Delhi
Name of publisher, distributor, etc Tata McGraw Hill Publishing Company
Date of publication, distribution, etc 1987
270 ## - ADDRESS
City New Delhi
Postal code 110002
Address 12/4 asaf ali road, dariya ganj
300 ## - PHYSICAL DESCRIPTION
Extent xxi, 736p.
Dimensions 21cm(Hb)
500 ## - GENERAL NOTE
General note Includes bibliographical references and index
650 ## - SUBJECT ADDED ENTRY--TOPICAL TERM
Topical term or geographic name as entry element Law
9 (RLIN) 104
650 ## - SUBJECT ADDED ENTRY--TOPICAL TERM
Topical term or geographic name as entry element Central government
General subdivision Monopolies policy
9 (RLIN) 40242
942 ## - ADDED ENTRY ELEMENTS (KOHA)
Source of classification or shelving scheme Dewey Decimal Classification
Koha item type English Books
Classification part 347.7
Call number suffix VER
Holdings
Withdrawn status Lost status Damaged status Not for loan Collection code Home library Current library Date acquired Source of acquisition Cost, normal purchase price Total Checkouts Full call number Barcode Date last seen Copy number Cost, replacement price Price effective from Koha item type
      Not For Loan Reference Central Library Central Library 29/07/2015 Cen Lib/Ret 0.00   347.7 VER A-294747 29/07/2015 1 0.00 29/07/2015 English Books

© Delhi Public Library
Hit Counter
free hit counter